000 00608nam a2200241 a 4500
001 nice12345678
003 IN_TiNIC
005 20260116011654.0
008 050524s1973 bana grp 000 0 eng
020 _a
_c100
082 0 0 _a306.0899145
_bBOA
100 _aBoal, M, Barbara
245 _aFire Is Easy
260 _aBangalore
_bChristian Instt.For Study of Religion
_c1973
300 _a309p
500 _aincludes index and biblioraphy
505 2 _aAppendix, Bibliography
650 _aChristianity-India
700 1 _aBoal, M, Barbara
902 _bSRS
942 _cBK
999 _c3306
_d3306